Les 66 livres de la Bible - Statistiques

Statistiques générales
  • Ce quiz a été pris 1 399 fois
  • Le résultat moyen est 33 sur 66
Statistiques - réponses
Ancien Testament % Correct
Genèse
97%
Exode
85%
Jean
85%
Matthieu
83%
Luc
82%
Marc
80%
Apocalypse
79%
Psaumes
77%
Lévitique
73%
Deutéronome
71%
Nombres
69%
Proverbes
65%
Ruth
62%
1 Rois
61%
2 Rois
61%
Actes
60%
Romains
60%
Esther
58%
1 Jean
56%
1 Samuel
55%
2 Jean
55%
2 Samuel
55%
Job
55%
Juges
55%
1 Corinthiens
54%
2 Corinthiens
54%
Esaïe
53%
Josué
53%
Cantique
52%
Jérémie
50%
3 Jean
47%
Ephésiens
47%
Jude
47%
1 Pierre
46%
Daniel
46%
Hébreux
46%
2 Pierre
45%
1 Chroniques
44%
2 Chroniques
43%
Malachie
43%
Galates
42%
Jonas
42%
1 Thessaloniciens
41%
Colossiens
41%
Ecclésiaste
41%
2 Thessaloniciens
40%
Lamentations
40%
Néhémie
40%
Osée
40%
Philippiens
40%
Esdras
39%
Tite
39%
Jacques
36%
1 Timothée
35%
Zacharie
35%
2 Timothée
34%
Michée
33%
Joël
32%
Amos
29%
Philémon
29%
Abdias
28%
Ezékiel
28%
Habacuc
27%
Sophonie
26%
Nahum
25%
Aggée
19%
Aucun quiz correspondant
Distribution des résultats
% des personnes avec chaque résultat
Percentile par nombre de réponses
Votre historique - résultats
Vous n’avez pas pris ce quiz